| 000 | 00482nam a2200169Ia 4500 | ||
|---|---|---|---|
| 008 | 230917s9999||||xx |||||||||||||| ||und|| | ||
| 020 | _cRS 2495.00 | ||
| 040 |
_e5011333 _aMAIN |
||
| 041 | _aEnglish | ||
| 082 | _a581.87 P692P | ||
| 100 | _aGamborg, O L, ed. | ||
| 245 | 0 | _aPlant Cell, tissue and organ culture: Fundamental methods | |
| 260 |
_aBerlin _bSpringer-Verlag _c2019 |
||
| 300 | _axxiv, 358 p. | ||
| 500 | _a4168 27/10/2021 RK22/1849 28/12/2021 UIET (SFS) | ||
| 942 | _cBK | ||
| 999 |
_c3243 _d3243 |
||